Investície na ochranu životného prostredia : Obh. 12.6.1995 /

Na minha lista:
Detalhes bibliográficos
Autor principal: Ďurko, Ladislav (Author)
Formato: Manuscrito Livro
Idioma:eslovaco
Publicado em: Bratislava : STU v Bratislave ChtF, 1995
Tags: Adicionar Tag
Sem tags, seja o primeiro a adicionar uma tag!

MARC

LEADER 00000ntm a22000003a 4500
001 stu23271
005 20150617225748.3
008 950615s1995----xo------------------slo-d
040 |a STU  |b slo 
041 0 |a slo 
044 |a xo 
100 1 |a Ďurko, Ladislav  |4 aut 
245 1 |a Investície na ochranu životného prostredia :  |b Obh. 12.6.1995 /  |c [aut.]Ďurko,Ladislav 
260 |a Bratislava :  |b STU v Bratislave ChtF,  |c 1995 
300 |a 79 s :  |b Tab.,lit 
500 |a Špec.: Manažment chemického a potr.priemyslu 
996 |b CD11860  |c C*D11860  |l CCI  |s A  |a 24  |w stu23271_0001